[Event "Biel HTO 57th"]
[Site "Biel"]
[Date "2024.07.22"]
[Round "7"]
[White "Peycheva, Gergana"]
[Black "Woong, Zhi Wei William"]
[Result "1/2-1/2"]
[WhiteElo "2261"]
[BlackElo "2139"]
[PlyCount "85"]
[EventDate "2024.07.15"]
[EventType "swiss"]
[EventRounds "10"]
[EventCountry "SUI"]
[SourceTitle "CBM 221"]
[Source "ChessBase"]
[SourceDate "2024.08.31"]
[SourceVersion "1"]
[SourceVersionDate "2024.08.31"]
[SourceQuality "1"]

1. d4 d5 2. c4 e6 3. Nc3 Nf6 4. cxd5 exd5 5. Bg5 c6 6. e3 Be7 7. Bd3 Nbd7 8. Qc2 h6 9. Bh4 Nh5 10. Bxe7 Qxe7 11. Nge2 Nb6 12. 0-0-0 Be6 13. Kb1 0-0-0 14. Rc1 Kb8 15. Na4 Nxa4 16. Qxa4 Rc8 17. Rc3 Rc7 18. Rhc1 Bd7 19. Ra3 b6 20. Qd1 Nf6 21. Nc3 c5 22. dxc5 Rxc5 23. Qf3 Qe5 24. h3 g5 25. Qe2 Rd8 26. Rd1 Rc7 27. Rc1 Rc5 28. Rd1 Rc7 29. Rb3 Bc6 30. Bb5 Bb7 31. Rd4 Rdc8 32. Bd3 Nd7 33. Bc2 Nc5 34. Rbb4 Ne6 35. Rd2 d4 36. exd4 Qxe2 37. Nxe2 Bxg2 38. Bf5 Rd8 39. Rb3 Bf1 40. Bxe6 fxe6 41. Re3 Rc6 42. a3 Bxe2 43. Rexe2 1/2-1/2

[Event "Biel HTO 57th"]
[Site "Biel"]
[Date "2024.07.19"]
[Round "5"]
[White "Smeets, Kobe"]
[Black "Woong, Zhi Wei William"]
[Result "1-0"]
[WhiteElo "2324"]
[BlackElo "2139"]
[PlyCount "103"]
[EventDate "2024.07.15"]
[EventType "swiss"]
[EventRounds "10"]
[EventCountry "SUI"]
[SourceTitle "CBM 221"]
[Source "ChessBase"]
[SourceDate "2024.08.31"]
[SourceVersion "1"]
[SourceVersionDate "2024.08.31"]
[SourceQuality "1"]

1. e4 c5 2. Nf3 Nc6 3. Bb5 Nf6 4. Bxc6 dxc6 5. d3 Bg4 6. h3 Bh5 7. Nbd2 Nd7 8. g4 Bg6 9. a4 a5 10. Nc4 Qc7 11. Qe2 e5 12. h4 f6 13. h5 Bf7 14. Ne3 0-0-0 15. Bd2 b6 16. b3 Bd6 17. 0-0-0 Nf8 18. g5 Ne6 19. Nf5 fxg5 20. Nxg5 Nxg5 21. Bxg5 Rdf8 22. h6 g6 23. Nxd6+ Qxd6 24. d4 cxd4 25. Qa6+ Kd7 26. Qxb6 Rb8 27. Qa7+ Ke6 28. f4 Qa3+ 29. Kd2 exf4 30. Ke2 Qb4 31. Rxd4 Rb7 32. Qa6 Qxd4 33. Qxc6+ Qd6 34. Qxb7 Rb8 35. Qd5+ Qxd5 36. exd5+ Kxd5 37. Bxf4 Rc8 38. Kd3 Be6 39. c4+ Kc6 40. Bg5 Rf8 41. Re1 Kd6 42. Kd4 Rf5 43. Bd2 Rh5 44. c5+ Ke7 45. Bxa5 Kf6 46. b4 Rh4+ 47. Re4 Rxh6 48. c6 Rh1 49. b5 Bf5 50. c7 Rd1+ 51. Ke3 Rc1 52. b6 1-0

[Event "Biel HTO 57th"]
[Site "Biel"]
[Date "2024.07.17"]
[Round "3"]
[White "Rosen, Eric S"]
[Black "Woong, Zhi Wei William"]
[Result "1/2-1/2"]
[WhiteElo "2374"]
[BlackElo "2139"]
[PlyCount "75"]
[EventDate "2024.07.15"]
[EventType "swiss"]
[EventRounds "10"]
[EventCountry "SUI"]
[SourceTitle "CBM 221"]
[Source "ChessBase"]
[SourceDate "2024.08.31"]
[SourceVersion "1"]
[SourceVersionDate "2024.08.31"]
[SourceQuality "1"]

1. e4 c5 2. Nf3 Nc6 3. Bc4 d6 4. 0-0 Nf6 5. Re1 g6 6. d4 cxd4 7. Nxd4 Bd7 8. Nc3 Bg7 9. Nb3 0-0 10. Nd5 Rc8 11. Bf1 Be6 12. c3 Ne5 13. Bg5 Bxd5 14. exd5 h6 15. Be3 a6 16. a4 Re8 17. h3 Nc4 18. Bxc4 Rxc4 19. Qd3 Rc8 20. a5 Qd7 21. c4 e5 22. dxe6 Qxe6 23. Rac1 Qe4 24. Qxd6 Rxc4 25. Nc5 Rxc1 26. Rxc1 Qb4 27. Qb6 Qxb6 28. axb6 Nd5 29. Nxb7 Rb8 30. Na5 Nxb6 31. Rd1 Na4 32. b3 Rb5 33. Rd8+ Kh7 34. bxa4 Rxa5 35. Rd7 Kg8 36. Rd8+ Kh7 37. Rd7 Kg8 38. Rd8+ 1/2-1/2

[Event "Biel HTO 57th"]
[Site "Biel"]
[Date "2024.07.15"]
[Round "1"]
[White "Deuer, Marius"]
[Black "Woong, Zhi Wei William"]
[Result "1-0"]
[WhiteElo "2458"]
[BlackElo "2139"]
[PlyCount "109"]
[EventDate "2024.07.15"]
[EventType "swiss"]
[EventRounds "10"]
[EventCountry "SUI"]
[SourceTitle "CBM 221"]
[Source "ChessBase"]
[SourceDate "2024.08.31"]
[SourceVersion "1"]
[SourceVersionDate "2024.08.31"]
[SourceQuality "1"]

1. d4 d5 2. c4 e6 3. Nc3 Be7 4. cxd5 exd5 5. Bf4 c6 6. e3 Bf5 7. Nge2 Nf6 8. Ng3 Be6 9. Bd3 0-0 10. 0-0 Re8 11. h3 Nbd7 12. Be5 Nb6 13. Nge2 Nc8 14. Qc2 h6 15. Bh2 Bd6 16. Nf4 Bb8 17. f3 Nb6 18. Qf2 Qd7 19. g4 Bd6 20. Rad1 Rad8 21. Kh1 Qc7 22. Qh4 Qe7 23. Rg1 Nh7 24. Qf2 c5 25. Nb5 Bxf4 26. Bxf4 c4 27. Bb1 a6 28. Nc7 Rf8 29. Qc2 g6 30. Nxe6 Qxe6 31. Bxh6 Rfe8 32. Bf4 Nf6 33. Kg2 Rc8 34. Kf2 Nbd7 35. h4 Nf8 36. h5 N6h7 37. Rde1 g5 38. Be5 f6 39. Bg3 b5 40. Qd2 Qb6 41. e4 dxe4 42. Rxe4 Red8 43. Kg2 b4 44. Rd1 c3 45. bxc3 bxc3 46. Qe2 Qc6 47. Bc2 Kh8 48. Re7 Re8 49. d5 Rxe7 50. Qxe7 Qb5 51. h6 Qd7 52. Qxd7 Nxd7 53. Bf5 Nhf8 54. Bd6 Rd8 55. Rc1 1-0

[Event "Sitges Sunway op 10th"]
[Site "Sitges"]
[Date "2023.12.22"]
[Round "10"]
[White "Woong, Zhi Wei William"]
[Black "Krishnan, Ritvik"]
[Result "1/2-1/2"]
[WhiteElo "2161"]
[BlackElo "2346"]
[PlyCount "99"]
[EventDate "2023.12.12"]
[EventType "swiss"]
[EventRounds "10"]
[EventCountry "ESP"]
[SourceTitle "EXT 2025"]
[Source "ChessBase"]
[SourceDate "2024.10.14"]
[SourceVersion "1"]
[SourceVersionDate "2024.10.14"]
[SourceQuality "1"]

1. e4 c5 2. Nf3 d6 3. Bb5+ Nd7 4. a4 Ngf6 5. Nc3 g6 6. 0-0 Bg7 7. Re1 a6 8. Bxd7+ Qxd7 9. a5 Qc7 10. d3 0-0 11. Bg5 Be6 12. Qd2 Rac8 13. Bh6 Bg4 14. Nh4 e5 15. h3 Be6 16. Bxg7 Kxg7 17. f4 exf4 18. Qxf4 d5 19. Qxc7 Rxc7 20. exd5 Nxd5 21. Nxd5 Bxd5 22. Re5 Rd8 23. b3 f6 24. Re3 Kf7 25. Kf2 Re7 26. Nf3 Rxe3 27. Kxe3 g5 28. c4 Bc6 29. b4 cxb4 30. Rb1 Re8+ 31. Kf2 Rd8 32. Ke3 h5 33. Rxb4 g4 34. hxg4 hxg4 35. Nh4 Re8+ 36. Kf4 Re5 37. Nf5 Bxg2 38. Nd6+ Kg6 39. Nxb7 Bh3 40. Nd6 Rxa5 41. Rb6 Ra1 42. Ne4 Rf1+ 43. Kg3 Kg7 44. Rxa6 f5 45. Ng5 f4+ 46. Kh4 f3 47. Nxh3 gxh3 48. Kxh3 Rd1 49. Kg3 Rxd3 50. Re6 1/2-1/2

[Event "Sitges Sunway op 10th"]
[Site "Sitges"]
[Date "2023.12.14"]
[Round "3"]
[White "Aadith, Rajesh"]
[Black "Woong, Zhi Wei William"]
[Result "0-1"]
[WhiteElo "1721"]
[BlackElo "2161"]
[PlyCount "148"]
[EventDate "2023.12.12"]
[EventType "swiss"]
[EventRounds "10"]
[EventCountry "ESP"]
[SourceTitle "EXT 2025"]
[Source "ChessBase"]
[SourceDate "2024.10.14"]
[SourceVersion "1"]
[SourceVersionDate "2024.10.14"]
[SourceQuality "1"]

1. e4 c5 2. Nf3 Nc6 3. Bb5 Nf6 4. Nc3 g6 5. 0-0 Bg7 6. Re1 0-0 7. d4 cxd4 8. Nxd4 Qc7 9. Be3 d6 10. h3 e5 11. Nb3 Be6 12. Qf3 a6 13. Bf1 b5 14. Red1 Rac8 15. Rac1 h6 16. g4 h5 17. g5 Nd7 18. Nd5 Bxd5 19. exd5 Na5 20. Nxa5 Qxa5 21. c4 bxc4 22. Bxc4 e4 23. Qxe4 Bxb2 24. Rc2 Rfe8 25. Qd3 Bg7 26. Bb3 Ne5 27. Rxc8 Rxc8 28. Qe2 Re8 29. Rc1 Qb4 30. Kg2 Qe4+ 31. f3 Qf5 32. Bc2 Qd7 33. Be4 Qa4 34. Qc2 Qa3 35. Qb3 Qa5 36. Rc2 Qe1 37. Bf2 Qa5 38. Bb6 Qe1 39. Bf2 Qa5 40. Bb6 Qb5 41. Qxb5 axb5 42. Bc7 Nc4 43. Kf2 Rc8 44. Ba5 Re8 45. Bb4 Ra8 46. a3 Be5 47. Bd3 Nxa3 48. Bxa3 Rxa3 49. Bxb5 Bd4+ 50. Kg3 h4+ 51. Kxh4 Rxf3 52. Kg4 Rf5 53. Bc6 Be5 54. h4 Rf4+ 55. Kh3 Rf3+ 56. Kg2 Rg3+ 57. Kf2 Rh3 58. Rc4 Bg3+ 59. Kf3 Be1+ 60. Kg2 Rxh4 61. Rxh4 Bxh4 62. Kf3 Bxg5 63. Kg4 Bd2 64. Ba4 Kg7 65. Bd1 f5+ 66. Kf3 g5 67. Kg3 Kf6 68. Bf3 g4 69. Bg2 Kg5 70. Kf2 f4 71. Be4 f3 72. Bd3 Kf4 73. Bg6 g3+ 74. Kg1 Be3+ 0-1

[Event "Sitges Sunway op 10th"]
[Site "Sitges"]
[Date "2023.12.13"]
[Round "2"]
[White "Woong, Zhi Wei William"]
[Black "Tarhan, Adar"]
[Result "0-1"]
[WhiteElo "2161"]
[BlackElo "2405"]
[PlyCount "150"]
[EventDate "2023.12.12"]
[EventType "swiss"]
[EventRounds "10"]
[EventCountry "ESP"]
[SourceTitle "EXT 2025"]
[Source "ChessBase"]
[SourceDate "2024.10.14"]
[SourceVersion "1"]
[SourceVersionDate "2024.10.14"]
[SourceQuality "1"]

1. e4 c6 2. d4 d5 3. exd5 cxd5 4. Bd3 Nc6 5. c3 Nf6 6. Bf4 g6 7. Nf3 Bf5 8. 0-0 Nh5 9. Be5 Bxd3 10. Qxd3 f6 11. Bg3 Bg7 12. c4 Nxg3 13. hxg3 0-0 14. Nc3 dxc4 15. Qxc4+ Kh8 16. Rad1 Rc8 17. Qe6 Na5 18. Rfe1 Nc4 19. Qxe7 Nxb2 20. Rb1 Rxc3 21. Rxb2 Rc7 22. Qe6 f5 23. Rb5 Bf6 24. Qb3 b6 25. a4 Re8 26. Ne5 Kg7 27. Rd5 Qe7 28. a5 bxa5 29. Rxa5 Rd8 30. Raa1 Qd6 31. Nf3 Qd7 32. Rad1 a5 33. Ra1 Ra8 34. Qa4 Qc8 35. Qb5 Rb7 36. Qd5 a4 37. Re8 Qxe8 38. Qxb7+ Kh8 39. Re1 Qc8 40. Qf7 Qf8 41. Qxf8+ Rxf8 42. Ra1 Ra8 43. Kf1 Kg7 44. Ke2 Kf7 45. Kd3 Ke6 46. Kc4 a3 47. Ra2 Kd6 48. Nd2 Kc6 49. Nb1 Be7 50. Nc3 Rb8 51. Re2 Bd6 52. d5+ Kd7 53. Nb5 Ra8 54. Kb3 Ra5 55. Nc3 Bf8 56. Ra2 Bg7 57. Na4 Bf8 58. Nc3 Be7 59. Kc4 h5 60. Kb3 g5 61. Kc4 g4 62. Nb5 Ra4+ 63. Kd3 Bc5 64. Nc3 Rb4 65. Kc2 Rb8 66. Nb1 Rb2+ 67. Rxb2 axb2 68. Nc3 Bxf2 69. Ne2 f4 70. Nxf4 Bxg3 71. Nd3 h4 72. Kxb2 h3 73. gxh3 gxh3 74. Nc5+ Kd8 75. Ne6+ Kc8 0-1

[Event "Groningen op 57th"]
[Site "Groningen"]
[Date "2019.12.28"]
[Round "7"]
[White "Woong, Zhi Wei William"]
[Black "Van Foreest, Machteld"]
[Result "1-0"]
[WhiteElo "2222"]
[BlackElo "2187"]
[PlyCount "101"]
[EventDate "2019.12.21"]
[EventType "swiss"]
[EventRounds "9"]
[EventCountry "NED"]
[SourceTitle "CBM 194 Extra"]
[Source "ChessBase"]
[SourceDate "2020.03.31"]
[SourceVersion "1"]
[SourceVersionDate "2020.03.31"]
[SourceQuality "1"]

1. e4 e5 2. Nf3 Nc6 3. Bb5 Nf6 4. d3 Bc5 5. Bxc6 dxc6 6. h3 Qe7 7. a3 a5 8. a4 b5 9. Nc3 Bd7 10. Be3 0-0 11. 0-0 Rfd8 12. Qc1 Bxe3 13. fxe3 Nh5 14. Qe1 g6 15. axb5 cxb5 16. Nd5 Qd6 17. g4 Ng7 18. Qh4 f5 19. Nf6+ Kf7 20. Nxd7 Rxd7 21. Ng5+ Ke8 22. Qxh7 Qf6 23. Qh6 Qd6 24. exf5 gxf5 25. Qxd6 Rxd6 26. Nf3 fxg4 27. hxg4 Re6 28. Kf2 Kd7 29. Ke2 Ne8 30. Rh1 Re7 31. Rh5 Kd6 32. d4 exd4 33. Nxd4 Ng7 34. Nxb5+ Kc6 35. Nd4+ Kd6 36. Rhxa5 Rae8 37. R1a3 c5 38. Nf5+ Nxf5 39. gxf5 Rb7 40. Rd3+ Kc6 41. Ra6+ Kb5 42. Re6 Rxe6 43. fxe6 Re7 44. Rd6 c4 45. e4 Kc5 46. e5 Rb7 47. Ke3 Rh7 48. Rd7 Rh6 49. e7 Re6 50. Ke4 Kc6 51. Rd6+ 1-0

[Event "London Classic op"]
[Site "London"]
[Date "2017.12.09"]
[Round "9"]
[White "Arakhamia Grant, Ketevan"]
[Black "Woong, Zhi Wei William"]
[Result "0-1"]
[WhiteElo "2350"]
[BlackElo "2137"]
[PlyCount "142"]
[EventDate "2017.12.02"]
[EventType "swiss"]
[EventRounds "9"]
[EventCountry "ENG"]
[SourceTitle "CBM 182 Extra"]
[Source "ChessBase"]
[SourceDate "2018.02.23"]
[SourceVersion "1"]
[SourceVersionDate "2018.02.23"]
[SourceQuality "1"]

1. e4 c5 2. Nf3 e6 3. d4 cxd4 4. Nxd4 a6 5. Bd3 Nf6 6. 0-0 e5 7. Nb3 Nc6 8. Bg5 Be7 9. Bxf6 Bxf6 10. Nc3 d6 11. Bc4 0-0 12. a4 Be6 13. Bd5 Qc7 14. a5 Ne7 15. Bxe6 fxe6 16. Qg4 Qc8 17. Rac1 Nc6 18. Rfd1 Nd4 19. Na4 Qe8 20. Nxd4 exd4 21. Nb6 Rd8 22. b3 h5 23. Qh3 Bg5 24. Rb1 Qg6 25. Qd3 Rxf2 26. e5 Qxd3 27. cxd3 Be3 28. exd6 Ra2+ 29. Kh1 Rxa5 30. Re1 Ra2 31. d7 Rc2 32. b4 Rc6 33. Nc4 b5 34. Ne5 Rd6 35. Ra1 Rd5 36. Nc6 R8xd7 37. Rxa6 Kh7 38. Ra8 Rc7 39. Nd8 Rd6 40. Rf1 Kg6 41. h4 Rcd7 42. Rf8 e5 43. Rc8 e4 44. Nc6 Re6 45. Nd8 Rf6 46. Nc6 Bf4 47. Kg1 exd3 48. Kf1 Bg3+ 49. Rxf6+ Kxf6 50. Rf8+ Ke6 51. Rf3 Kd5 52. Rxd3 Kxc6 53. Rxg3 Re7 54. Rg5 d3 55. Rc5+ Kd6 56. Rc3 Re3 57. Kf2 d2 58. Kxe3 d1N+ 59. Kd4 Nxc3 60. Kxc3 Ke5 61. Kd3 Kd5 62. g3 g6 63. Ke3 Kc4 64. Kf4 Kxb4 65. g4 hxg4 66. Kxg4 Kc5 67. Kg5 b4 68. Kxg6 b3 69. h5 b2 70. h6 b1Q+ 71. Kg7 Qb7+ 0-1

[Event "London Classic op"]
[Site "London"]
[Date "2017.12.06"]
[Round "6"]
[White "Woong, Zhi Wei William"]
[Black "Radovanovic, Jovica"]
[Result "1/2-1/2"]
[WhiteElo "2137"]
[BlackElo "2320"]
[PlyCount "85"]
[EventDate "2017.12.02"]
[EventType "swiss"]
[EventRounds "9"]
[EventCountry "ENG"]
[SourceTitle "CBM 182 Extra"]
[Source "ChessBase"]
[SourceDate "2018.02.23"]
[SourceVersion "1"]
[SourceVersionDate "2018.02.23"]
[SourceQuality "1"]

1. e4 c5 2. Nf3 d6 3. Bb5+ Nd7 4. 0-0 Ngf6 5. Re1 a6 6. Bxd7+ Nxd7 7. d4 e6 8. c4 Be7 9. e5 0-0 10. exd6 Bxd6 11. Nc3 cxd4 12. Qxd4 Bc5 13. Qg4 f5 14. Qg5 Nf6 15. Be3 Bd6 16. Bd4 Qc7 17. Be5 Bxe5 18. Nxe5 Ne4 19. Nxe4 Qxe5 20. b3 Bd7 21. Nd2 Qf6 22. Qf4 Bc6 23. Nf3 Qg6 24. Qg5 Bxf3 25. Qxg6 hxg6 26. gxf3 Kf7 27. Rad1 Rad8 28. f4 Ke7 29. Kg2 Rh8 30. Kg3 Rxd1 31. Rxd1 Rh5 32. h4 Rh8 33. c5 Rc8 34. b4 Rc6 35. Kf3 a5 36. a3 axb4 37. axb4 Ra6 38. Ke3 Ra4 39. Rd4 Ra3+ 40. Rd3 Ra4 41. Rd4 Ra3+ 42. Rd3 Ra4 43. Rd4 1/2-1/2

[Event "London Classic op"]
[Site "London"]
[Date "2017.12.03"]
[Round "3"]
[White "Marcos Herrero, Francisco"]
[Black "Woong, Zhi Wei William"]
[Result "0-1"]
[WhiteElo "1897"]
[BlackElo "2137"]
[PlyCount "120"]
[EventDate "2017.12.02"]
[EventType "swiss"]
[EventRounds "9"]
[EventCountry "ENG"]
[SourceTitle "CBM 182 Extra"]
[Source "ChessBase"]
[SourceDate "2018.02.23"]
[SourceVersion "1"]
[SourceVersionDate "2018.02.23"]
[SourceQuality "1"]

1. Nf3 d5 2. c4 e6 3. g3 Nf6 4. Bg2 dxc4 5. Qa4+ Bd7 6. Qxc4 c5 7. Ne5 Qc8 8. 0-0 Nc6 9. Nxd7 Qxd7 10. Nc3 Be7 11. d3 0-0 12. Bg5 Rac8 13. Bxf6 gxf6 14. Qh4 Qd4 15. Qh6 Qg4 16. f4 Nd4 17. e4 f5 18. Rae1 Rfd8 19. Kh1 Bf8 20. Qh3 h5 21. Qxg4+ hxg4 22. h3 Bg7 23. hxg4 fxg4 24. Rf2 Nc6 25. Bf1 Nb4 26. e5 Nxd3 27. Bxd3 Rxd3 28. Ne4 Bf8 29. Kg2 Be7 30. Rh1 Re3 31. Nf6+ Bxf6 32. exf6 e5 33. Rh4 e4 34. Rxg4+ Kf8 35. Rd2 Rd3 36. Re2 Rc6 37. Rxe4 Rd2+ 38. Kf3 Rxf6 39. Re2 Rxe2 40. Kxe2 Ra6 41. a3 Rb6 42. b4 cxb4 43. axb4 Rxb4 44. Kd3 a5 45. Kc3 b5 46. Rg5 f6 47. Rc5 Ke7 48. Rc7+ Ke6 49. Ra7 Rc4+ 50. Kd3 a4 51. Ra5 Rb4 52. Kc3 Rb3+ 53. Kc2 Kd5 54. Ra6 Rxg3 55. Rxf6 Rf3 56. Rf8 Kc4 57. f5 Rf2+ 58. Kc1 Kb3 59. f6 a3 60. Rb8 b4 0-1

[Event "London Classic op 8th"]
[Site "London"]
[Date "2016.12.16"]
[Round "9"]
[White "Woong, Zhi Wei William"]
[Black "Siva, Mahadevan"]
[Result "0-1"]
[WhiteElo "2000"]
[BlackElo "2360"]
[PlyCount "46"]
[EventDate "2016.12.09"]
[EventType "swiss"]
[EventRounds "9"]
[EventCountry "ENG"]
[SourceTitle "CBM 176 Extra"]
[Source "ChessBase"]
[SourceDate "2017.03.02"]
[SourceVersion "1"]
[SourceVersionDate "2017.03.02"]
[SourceQuality "1"]

1. e4 c5 2. Nf3 d6 3. Bb5+ Nd7 4. 0-0 a6 5. Bxd7+ Bxd7 6. Re1 Nf6 7. e5 dxe5 8. Nxe5 Be6 9. d3 g6 10. Nc3 Bg7 11. Qf3 Nd5 12. Bd2 0-0 13. a4 Nb4 14. Rac1 c4 15. Nb1 Bxe5 16. Bxb4 Bxb2 17. Rcd1 Bf6 18. dxc4 Qc8 19. Qa3 Qxc4 20. Bxe7 Bxe7 21. Qxe7 Bd5 22. a5 Bc6 23. Na3 Qg4 0-1

[Event "London Classic op 8th"]
[Site "London"]
[Date "2016.12.15"]
[Round "8"]
[White "Richardson, John R"]
[Black "Woong, Zhi Wei William"]
[Result "0-1"]
[WhiteElo "2248"]
[BlackElo "2000"]
[PlyCount "70"]
[EventDate "2016.12.09"]
[EventType "swiss"]
[EventRounds "9"]
[EventCountry "ENG"]
[SourceTitle "CBM 176 Extra"]
[Source "ChessBase"]
[SourceDate "2017.03.02"]
[SourceVersion "1"]
[SourceVersionDate "2017.03.02"]
[SourceQuality "1"]

1. d4 d5 2. c4 e6 3. Nc3 Be7 4. cxd5 exd5 5. Bf4 c6 6. e3 Bf5 7. g4 Be6 8. h4 Nd7 9. h5 Nh6 10. Bxh6 gxh6 11. Bd3 Nb6 12. f4 Bh4+ 13. Kf1 Bf6 14. Rh2 Qe7 15. Rg2 0-0-0 16. b3 Kb8 17. a4 c5 18. Nf3 Rhg8 19. f5 Bc8 20. a5 Na8 21. Qd2 Nc7 22. Na4 c4 23. Bb1 Rde8 24. Kf2 Bg5 25. Nxg5 Qxg5 26. Kf3 Qh4 27. Bc2 cxb3 28. Bd3 Re7 29. Qb4 Qh3+ 30. Rg3 Rxe3+ 31. Kxe3 Qxg3+ 32. Kd2 Rxg4 33. a6 Qf2+ 34. Kc3 Rg3 35. Rd1 Qc2# 0-1

[Event "London Classic op 8th"]
[Site "London"]
[Date "2016.12.14"]
[Round "7"]
[White "Woong, Zhi Wei William"]
[Black "Semprun Martinez, Fernando M"]
[Result "1-0"]
[WhiteElo "2000"]
[BlackElo "2193"]
[PlyCount "91"]
[EventDate "2016.12.09"]
[EventType "swiss"]
[EventRounds "9"]
[EventCountry "ENG"]
[SourceTitle "CBM 176 Extra"]
[Source "ChessBase"]
[SourceDate "2017.03.02"]
[SourceVersion "1"]
[SourceVersionDate "2017.03.02"]
[SourceQuality "1"]

1. e4 e5 2. Nf3 Nc6 3. Bb5 a6 4. Ba4 Nf6 5. 0-0 Be7 6. Re1 b5 7. Bb3 d6 8. c3 0-0 9. d4 Bg4 10. d5 Na5 11. Bc2 Qc8 12. h3 Bd7 13. Nbd2 c6 14. dxc6 Qxc6 15. Nf1 Rfc8 16. Bd3 Nb7 17. Ng3 g6 18. Nh2 a5 19. Bd2 Nc5 20. Bc2 Qb7 21. Bg5 Qb6 22. Qf3 Kg7 23. Ng4 Qd8 24. Bh6+ Kg8 25. Ne3 Ne8 26. Nd5 Bf8 27. Be3 Be6 28. Rad1 Rab8 29. Nf1 b4 30. cxb4 axb4 31. Bxc5 Rxc5 32. Bb3 Bh6 33. Nfe3 Bxe3 34. Qxe3 Bxd5 35. Rxd5 Rxd5 36. Bxd5 Nf6 37. Bb3 Kg7 38. Qa7 d5 39. exd5 Qd6 40. Qe3 Re8 41. Rc1 e4 42. Qd4 Qf4 43. Rc6 Rd8 44. d6 Qf5 45. Rc7 Rd7 46. g4 1-0

[Event "London Classic op 8th"]
[Site "London"]
[Date "2016.12.11"]
[Round "4"]
[White "Gomes, Mary Ann"]
[Black "Woong, Zhi Wei William"]
[Result "1/2-1/2"]
[WhiteElo "2302"]
[BlackElo "2000"]
[PlyCount "158"]
[EventDate "2016.12.09"]
[EventType "swiss"]
[EventRounds "9"]
[EventCountry "ENG"]
[SourceTitle "CBM 176 Extra"]
[Source "ChessBase"]
[SourceDate "2017.03.02"]
[SourceVersion "1"]
[SourceVersionDate "2017.03.02"]
[SourceQuality "1"]

1. Nf3 d5 2. c4 e6 3. g3 Nf6 4. Bg2 dxc4 5. Qa4+ Bd7 6. Qxc4 c5 7. Ne5 Qc8 8. d3 Nc6 9. Nxd7 Qxd7 10. Be3 Rc8 11. Nd2 Be7 12. Rc1 0-0 13. 0-0 Nd4 14. Bxd4 cxd4 15. Qb3 b6 16. Nf3 Rxc1 17. Rxc1 Bc5 18. Qc4 a5 19. a3 Qd6 20. Rb1 b5 21. Qxb5 Rb8 22. Qxa5 Bxa3 23. Nd2 Rxb2 24. Ra1 Bb4 25. Qb5 Ba3 26. Qa5 Bb4 27. Nc4 Bxa5 28. Nxd6 Bc7 29. Nc4 Rb8 30. Bc6 g6 31. Ra7 Rc8 32. Bb7 Rd8 33. Bf3 Bd6 34. g4 g5 35. Kg2 h6 36. h4 Kg7 37. Ra5 Nh7 38. hxg5 Nxg5 39. Nxd6 Rxd6 40. Ba8 Nh7 41. f4 Nf6 42. Kf3 Rd8 43. Bc6 Rd6 44. Rc5 h5 45. gxh5 Nxh5 46. Rxh5 Rxc6 47. Ke4 Rd6 48. Ra5 Kf6 49. Ra4 Ke7 50. Rxd4 Ra6 51. Rb4 Ra5 52. Rb7+ Kf6 53. Rd7 Kg6 54. Kf3 f5 55. Ke3 Ra4 56. Kf3 Ra1 57. e4 fxe4+ 58. dxe4 Rf1+ 59. Kg3 Rg1+ 60. Kf2 Ra1 61. Rd6 Kf7 62. Kf3 Rf1+ 63. Ke3 Ra1 64. Rc6 Rd1 65. Rc7+ Kg6 66. Rc6 Kf7 67. e5 Ra1 68. Rc7+ Ke8 69. Rb7 Ra3+ 70. Ke4 Ra1 71. Rb3 Kf7 72. Rb7+ Ke8 73. Kd4 Ra4+ 74. Kc5 Rxf4 75. Kd6 Ra4 76. Re7+ Kf8 77. Rc7 Ke8 78. Kxe6 Ra6+ 79. Kd5 Rh6 1/2-1/2

[Event "London Classic op 8th"]
[Site "London"]
[Date "2016.12.10"]
[Round "3"]
[White "Warakomska, Anna"]
[Black "Woong, Zhi Wei William"]
[Result "1/2-1/2"]
[WhiteElo "2348"]
[BlackElo "2000"]
[PlyCount "122"]
[EventDate "2016.12.09"]
[EventType "swiss"]
[EventRounds "9"]
[EventCountry "ENG"]
[SourceTitle "CBM 176 Extra"]
[Source "ChessBase"]
[SourceDate "2017.03.02"]
[SourceVersion "1"]
[SourceVersionDate "2017.03.02"]
[SourceQuality "1"]

1. e4 c5 2. Nf3 e6 3. d4 cxd4 4. Nxd4 a6 5. Bd3 Nf6 6. 0-0 e5 7. Ne2 h6 8. c4 Bc5 9. a3 d6 10. b4 Ba7 11. Nbc3 0-0 12. Ng3 Nc6 13. Be3 Nd4 14. Nce2 Nxe2+ 15. Qxe2 Bxe3 16. Qxe3 Be6 17. Rfd1 Ng4 18. Qe2 h5 19. h3 h4 20. Nf5 Bxf5 21. exf5 Nf6 22. Be4 Qc7 23. Rac1 Rac8 24. Qf3 Rfe8 25. Qe3 Red8 26. Bd5 b5 27. cxb5 Nxd5 28. Rxc7 Nxe3 29. Rxc8 Rxc8 30. fxe3 axb5 31. Rxd6 Rc3 32. Rd5 f6 33. Kf2 Rxa3 34. Kf3 Kh7 35. Rxb5 Rb3 36. Rb7 Kh6 37. Ke4 g6 38. Rb8 Kg5 39. fxg6 Kxg6 40. b5 Rb4+ 41. Kd5 Kf5 42. b6 Rb2 43. Kc6 Rxg2 44. Rh8 Rc2+ 45. Kd7 Rb2 46. Kc7 Rc2+ 47. Kb8 Rc3 48. b7 Rxe3 49. Kc7 Rb3 50. b8Q Rxb8 51. Kxb8 e4 52. Rxh4 e3 53. Rh8 Kf4 54. h4 f5 55. Re8 Kg4 56. Rxe3 Kxh4 57. Kc7 f4 58. Re8 f3 59. Kd6 f2 60. Rf8 Kg3 61. Ke5 Kg2 1/2-1/2

[Event "World ol U16"]
[Site "Poprad"]
[Date "2016.07.28"]
[Round "8.2"]
[White "Woong, Zhi Wei William"]
[Black "Haring, Viktor"]
[Result "1/2-1/2"]
[WhiteElo "2008"]
[BlackElo "2289"]
[PlyCount "98"]
[EventDate "2016.07.22"]
[EventType "team-swiss"]
[EventRounds "9"]
[EventCountry "SVK"]
[SourceTitle "EXT 2017"]
[Source "ChessBase"]
[SourceDate "2016.10.25"]
[SourceVersion "1"]
[SourceVersionDate "2016.10.25"]
[SourceQuality "1"]
[WhiteTeam "Singapore"]
[BlackTeam "Slovakia"]
[WhiteTeamCountry "SIN"]
[BlackTeamCountry "SVK"]

1. e4 c5 2. Nf3 Nc6 3. Bb5 e6 4. 0-0 Nge7 5. c3 a6 6. Ba4 b5 7. Bc2 Bb7 8. Re1 d5 9. e5 d4 10. Be4 Nd5 11. d3 Be7 12. Qc2 f5 13. exf6 gxf6 14. Bh6 f5 15. Bxd5 Qxd5 16. Qe2 Rg8 17. Nbd2 dxc3 18. bxc3 Rg6 19. Bf4 0-0-0 20. c4 Qxd3 21. Qxd3 Rxd3 22. Re3 Rxe3 23. Bxe3 e5 24. cxb5 axb5 25. Rc1 Nd4 26. Bxd4 exd4 27. Nxd4 Rxg2+ 28. Kf1 Rxh2 29. Ke2 Kd7 30. Nxf5 Bf8 31. Nf1 Rh1 32. Rd1+ Ke6 33. Rd8 Be7 34. Re8 Kxf5 35. Rxe7 Bf3+ 36. Kxf3 Rxf1 37. Rxh7 Ke5 38. Ke3 Kd5 39. f4 Ra1 40. Rh5+ Kc4 41. Rh2 Re1+ 42. Kd2 Re4 43. Rf2 Kd5 44. f5 Ra4 45. Kc1 Ra7 46. Kb2 Rf7 47. Kb3 Ke5 48. a4 bxa4+ 49. Kxa4 Kd4 1/2-1/2

[Event "World ol U16"]
[Site "Poprad"]
[Date "2016.07.22"]
[Round "1.2"]
[White "Kozak, Adam"]
[Black "Woong, Zhi Wei William"]
[Result "1-0"]
[WhiteElo "2364"]
[BlackElo "2008"]
[PlyCount "75"]
[EventDate "2016.07.22"]
[EventType "team-swiss"]
[EventRounds "9"]
[EventCountry "SVK"]
[SourceTitle "EXT 2017"]
[Source "ChessBase"]
[SourceDate "2016.10.25"]
[SourceVersion "1"]
[SourceVersionDate "2016.10.25"]
[SourceQuality "1"]
[WhiteTeam "Hungary"]
[BlackTeam "Singapore"]
[WhiteTeamCountry "HUN"]
[BlackTeamCountry "SIN"]

1. d4 d5 2. c4 e6 3. Nc3 Be7 4. cxd5 exd5 5. Bf4 c6 6. Qc2 Bd6 7. Bxd6 Qxd6 8. e3 Qg6 9. Qd2 Nd7 10. Nge2 Ne7 11. Ng3 0-0 12. Bd3 Qd6 13. 0-0 Nf6 14. Rab1 h5 15. h3 h4 16. Nge2 Bf5 17. b4 b5 18. a4 a6 19. f3 Bxd3 20. Qxd3 Nh5 21. e4 Rad8 22. Qd2 Ng3 23. Nxg3 Qxg3 24. Ne2 Qd6 25. e5 Qd7 26. Rbc1 bxa4 27. Nc3 Rb8 28. Nxa4 Qb7 29. Rb1 Rfd8 30. Nc5 Qb5 31. Qg5 Kf8 32. Qxh4 Nf5 33. Qf4 g6 34. e6 fxe6 35. Nxe6+ Kg8 36. Qg5 Rd7 37. Qxg6+ Ng7 38. Ng5 1-0